[Event "Grand Swiss "]
[Date "2025.09.15"]
[White "Najer, Evgeniy"]
[Black "Bacrot, Etienne"]
[WhiteElo "2613"]
[BlackElo "2637"]
[Round "11.11.47"]
[Result "1/2-1/2"]

1. e4 {[%clk 01:40:54] [%emt 00:00:06]} c5 {[%clk 01:40:55] [%emt 00:00:05]} 2.
Nf3 {[%clk 01:41:13] [%emt 00:00:10]} e6 {[%clk 01:41:20] [%emt 00:00:05]} 3. d4
{[%clk 01:41:27] [%emt 00:00:17]} cxd4 {[%clk 01:41:44] [%emt 00:00:07]} 4. Nxd4
{[%clk 01:41:54] [%emt 00:00:03]} Nc6 {[%clk 01:42:09] [%emt 00:00:05]} 5. Nc3
{[%clk 01:42:09] [%emt 00:00:14]} Qc7 {[%clk 01:42:34] [%emt 00:00:05]} 6. Be3
{[%clk 01:42:12] [%emt 00:00:28]} a6 {[%clk 01:42:53] [%emt 00:00:11]} 7. g4
{[%clk 01:42:31] [%emt 00:00:10]} h6 {[%clk 01:42:40] [%emt 00:00:42]} 8. Rg1
{[%clk 01:42:11] [%emt 00:00:50]} b5 {[%clk 01:41:50] [%emt 00:01:20]} 9. Nxc6
{[%clk 01:40:48] [%emt 00:01:53]} Qxc6 {[%clk 01:41:32] [%emt 00:00:48]} 10. Qd2
{[%clk 01:39:34] [%emt 00:01:45]} b4 {[%clk 01:39:57] [%emt 00:02:05]} 11. Ne2
{[%clk 01:38:40] [%emt 00:01:23]} Qd6 {[%clk 01:39:40] [%emt 00:00:47]} 12. Nd4
{[%clk 01:31:28] [%emt 00:07:42]} Nf6 {[%clk 01:32:07] [%emt 00:08:03]} 13. Bd3
{[%clk 01:22:16] [%emt 00:09:42]} Qxh2 {[%clk 01:30:44] [%emt 00:01:53]} 14.
O-O-O {[%clk 01:21:40] [%emt 00:01:06]} Qc7 {[%clk 01:31:10] [%emt 00:00:04]}
15. f3 {[%clk 01:19:46] [%emt 00:02:25]} Bb7 {[%clk 01:28:59] [%emt 00:02:41]}
16. Kb1 {[%clk 01:07:02] [%emt 00:13:14]} Bc5 {[%clk 01:17:00] [%emt 00:12:27]}
17. Nb3 {[%clk 00:45:33] [%emt 00:22:00]} Be7 {[%clk 01:09:15] [%emt 00:08:15]}
18. Rc1 {[%clk 00:29:34] [%emt 00:16:30]} d5 {[%clk 00:59:31] [%emt 00:10:13]}
19. e5 {[%clk 00:29:58] [%emt 00:00:06]} Nd7 {[%clk 00:59:57] [%emt 00:00:04]}
20. f4 {[%clk 00:30:14] [%emt 00:00:14]} Nb6 {[%clk 01:00:13] [%emt 00:00:14]}
21. c3 {[%clk 00:27:24] [%emt 00:03:21]} Nc4 {[%clk 00:58:34] [%emt 00:02:09]}
22. Bxc4 {[%clk 00:26:25] [%emt 00:01:29]} dxc4 {[%clk 00:45:59] [%emt
00:13:06]} 23. cxb4 {[%clk 00:26:23] [%emt 00:00:32]} O-O {[%clk 00:46:24] [%emt
00:00:05]} 24. Nc5 {[%clk 00:21:57] [%emt 00:04:57]} a5 {[%clk 00:44:10] [%emt
00:02:43]} 25. Nxb7 {[%clk 00:15:17] [%emt 00:07:10]} Qxb7 {[%clk 00:41:44]
[%emt 00:02:56]} 26. bxa5 {[%clk 00:14:43] [%emt 00:01:04]} Qe4+ {[%clk
00:39:22] [%emt 00:02:51]} 27. Ka1 {[%clk 00:07:08] [%emt 00:08:06]} Rfd8 {[%clk
00:27:06] [%emt 00:12:45]} 28. Qe1 {[%clk 00:07:37] [%emt 00:00:02]} Bh4 {[%clk
00:27:30] [%emt 00:00:06]} 29. Qxh4 {[%clk 00:05:44] [%emt 00:02:23]} Qxe3
{[%clk 00:27:33] [%emt 00:00:27]} 30. Qg3 {[%clk 00:04:26] [%emt 00:01:48]} Qxg3
{[%clk 00:25:59] [%emt 00:02:04]} 31. Rxg3 {[%clk 00:04:54] [%emt 00:00:01]}
Rxa5 {[%clk 00:26:23] [%emt 00:00:07]} 32. Rgc3 {[%clk 00:04:57] [%emt
00:00:27]} Ra4 {[%clk 00:26:38] [%emt 00:00:15]} 33. Kb1 {[%clk 00:03:18] [%emt
00:02:09]} Rd4 {[%clk 00:26:58] [%emt 00:00:10]} 34. Rf1 {[%clk 00:03:28] [%emt
00:00:20]} g5 {[%clk 00:23:44] [%emt 00:03:43]} 35. Rcf3 {[%clk 00:03:25] [%emt
00:00:33]} Ra7 {[%clk 00:24:07] [%emt 00:00:07]} 36. a3 {[%clk 00:02:24] [%emt
00:01:32]} Re4 {[%clk 00:21:46] [%emt 00:02:51]} 37. R1f2 {[%clk 00:00:40] [%emt
00:02:15]} Re1+ {[%clk 00:21:38] [%emt 00:00:37]} 38. Kc2 {[%clk 00:01:08] [%emt
00:00:02]} Rg1 {[%clk 00:21:33] [%emt 00:00:34]} 39. Kc3 {[%clk 00:00:57] [%emt
00:00:42]} Rc7 {[%clk 00:20:16] [%emt 00:01:47]} 40. f5 {[%clk 00:00:52] [%emt
00:00:35]} exf5 {[%clk 00:07:57] [%emt 00:12:50]} 41. gxf5 {[%clk 00:49:48]
[%emt 00:01:34]} Re1 {[%clk 00:51:12] [%emt 00:07:14]} 42. Rh2 {[%clk 00:39:06]
[%emt 00:11:13]} Kg7 {[%clk 00:49:36] [%emt 00:02:05]} 43. Kd4 {[%clk 00:28:29]
[%emt 00:11:07]} c3 {[%clk 00:42:21] [%emt 00:07:45]} 44. Rxc3 {[%clk 00:26:32]
[%emt 00:02:26]} Rd7+ {[%clk 00:41:49] [%emt 00:01:02]} 45. Kc5 {[%clk 00:23:50]
[%emt 00:03:13]} Rxe5+ {[%clk 00:40:59] [%emt 00:01:20]} 46. Kc6 {[%clk
00:24:17] [%emt 00:00:04]} Rd8 {[%clk 00:39:44] [%emt 00:01:45]} 47. Kc7 {[%clk
00:21:41] [%emt 00:03:06]} Ra8 {[%clk 00:31:28] [%emt 00:08:47]} 48. b4 {[%clk
00:15:52] [%emt 00:06:19]} Rxf5 {[%clk 00:31:17] [%emt 00:00:40]} 49. Rb3 {[%clk
00:13:43] [%emt 00:02:39]} Rb5 {[%clk 00:30:00] [%emt 00:01:47]} 50. Ra2 {[%clk
00:12:52] [%emt 00:01:21]} Rab8 {[%clk 00:21:38] [%emt 00:08:52]} 51. a4 {[%clk
00:12:00] [%emt 00:01:22]} R8b7+ {[%clk 00:16:28] [%emt 00:05:40]} 52. Kc8
{[%clk 00:08:01] [%emt 00:04:29]} Rb8+ {[%clk 00:15:22] [%emt 00:01:37]} 53. Kc7
{[%clk 00:08:26] [%emt 00:00:06]} 1/2-1/2

[Site "Europe Echecs"]

[Event "Grand Swiss "]
[Date "2025.09.15"]
[White "Amin, Bassem"]
[Black "Warmerdam, Max"]
[WhiteElo "2636"]
[BlackElo "2591"]
[Round "11.11.48"]
[Result "1/2-1/2"]

1. e4 {[%clk 01:40:55] [%emt 00:00:03]} c5 {[%clk 01:40:55] [%emt 00:00:06]} 2.
Nf3 {[%clk 01:41:18] [%emt 00:00:08]} d6 {[%clk 01:41:18] [%emt 00:00:06]} 3.
Bb5+ {[%clk 01:41:26] [%emt 00:00:22]} Bd7 {[%clk 01:41:42] [%emt 00:00:06]} 4.
Bxd7+ {[%clk 01:40:25] [%emt 00:01:31]} Qxd7 {[%clk 01:42:06] [%emt 00:00:06]}
5. O-O {[%clk 01:40:33] [%emt 00:00:22]} Nf6 {[%clk 01:42:04] [%emt 00:00:31]}
6. Re1 {[%clk 01:40:58] [%emt 00:00:05]} e6 {[%clk 01:42:12] [%emt 00:00:22]} 7.
c3 {[%clk 01:41:21] [%emt 00:00:08]} Be7 {[%clk 01:42:19] [%emt 00:00:22]} 8. d4
{[%clk 01:41:29] [%emt 00:00:23]} d5 {[%clk 01:42:30] [%emt 00:00:19]} 9. Ne5
{[%clk 01:35:48] [%emt 00:06:11]} Qd8 {[%clk 01:41:53] [%emt 00:01:07]} 10. Qa4+
{[%clk 01:33:39] [%emt 00:02:39]} Nbd7 {[%clk 01:40:59] [%emt 00:01:24]} 11.
exd5 {[%clk 01:33:16] [%emt 00:00:54]} Nxd5 {[%clk 01:39:17] [%emt 00:02:12]}
12. dxc5 {[%clk 01:30:16] [%emt 00:03:30]} Bxc5 {[%clk 01:39:31] [%emt
00:00:16]} 13. Nd2 {[%clk 01:22:47] [%emt 00:07:59]} a6 {[%clk 01:23:41] [%emt
00:16:21]} 14. Ndf3 {[%clk 01:14:48] [%emt 00:08:28]} b5 {[%clk 01:14:07] [%emt
00:10:04]} 15. Qg4 {[%clk 01:12:06] [%emt 00:03:11]} Nxe5 {[%clk 01:12:57] [%emt
00:01:41]} 16. Nxe5 {[%clk 01:11:39] [%emt 00:00:56]} O-O {[%clk 01:09:16] [%emt
00:04:11]} 17. Bg5 {[%clk 01:10:18] [%emt 00:01:51]} Qc7 {[%clk 01:07:36] [%emt
00:02:11]} 18. Rad1 {[%clk 01:09:15] [%emt 00:01:33]} Rfe8 {[%clk 00:59:25]
[%emt 00:08:41]} 19. Bh4 {[%clk 01:05:17] [%emt 00:04:28]} Bd6 {[%clk 00:38:13]
[%emt 00:21:42]} 20. Nf3 {[%clk 00:58:27] [%emt 00:07:19]} Rac8 {[%clk 00:36:40]
[%emt 00:02:04]} 21. Bg3 {[%clk 00:56:16] [%emt 00:02:34]} Bxg3 {[%clk 00:36:18]
[%emt 00:00:59]} 22. hxg3 {[%clk 00:56:24] [%emt 00:00:22]} Red8 {[%clk
00:35:01] [%emt 00:01:47]} 23. Rd4 {[%clk 00:52:45] [%emt 00:04:09]} Nf6 {[%clk
00:33:19] [%emt 00:02:12]} 24. Qf4 {[%clk 00:52:46] [%emt 00:00:30]} Rxd4 {[%clk
00:32:23] [%emt 00:01:26]} 25. Qxc7 {[%clk 00:52:43] [%emt 00:00:33]} Rxc7
{[%clk 00:32:50] [%emt 00:00:03]} 26. Nxd4 {[%clk 00:53:05] [%emt 00:00:08]} h5
{[%clk 00:31:27] [%emt 00:01:52]} 27. Kf1 {[%clk 00:51:56] [%emt 00:01:39]} Nd5
{[%clk 00:31:02] [%emt 00:00:55]} 28. Rd1 {[%clk 00:45:19] [%emt 00:07:06]} Nb6
{[%clk 00:22:57] [%emt 00:08:36]} 29. Ne2 {[%clk 00:41:08] [%emt 00:04:41]} Kf8
{[%clk 00:18:12] [%emt 00:05:16]} 30. Rd6 {[%clk 00:38:37] [%emt 00:02:53]} Na4
{[%clk 00:07:56] [%emt 00:10:49]} 31. Rxa6 {[%clk 00:32:03] [%emt 00:07:09]}
Nxb2 {[%clk 00:08:22] [%emt 00:00:04]} 32. Ra5 {[%clk 00:31:19] [%emt 00:01:12]}
Na4 {[%clk 00:06:55] [%emt 00:01:58]} 33. Rxb5 {[%clk 00:31:07] [%emt 00:00:42]}
Nxc3 {[%clk 00:07:21] [%emt 00:00:04]} 34. Nxc3 {[%clk 00:31:01] [%emt
00:00:36]} Rxc3 {[%clk 00:07:47] [%emt 00:00:04]} 35. Rxh5 {[%clk 00:28:09]
[%emt 00:03:22]} Rc1+ {[%clk 00:08:12] [%emt 00:00:05]} 1/2-1/2

[Site "Europe Echecs"]

[Event "Grand Swiss "]
[Date "2025.09.15"]
[White "Martirosyan, Haik M."]
[Black "Madaminov, Mukhiddin"]
[WhiteElo "2628"]
[BlackElo "2560"]
[Round "11.11.49"]
[Result "1-0"]

1. e4 {[%clk 01:40:49] [%emt 00:00:10]} e5 {[%clk 01:40:43] [%emt 00:00:17]} 2.
Nf3 {[%clk 01:41:08] [%emt 00:00:12]} Nc6 {[%clk 01:41:05] [%emt 00:00:07]} 3.
Bc4 {[%clk 01:41:10] [%emt 00:00:29]} Bc5 {[%clk 01:41:25] [%emt 00:00:09]} 4.
d3 {[%clk 01:40:54] [%emt 00:00:47]} Nf6 {[%clk 01:40:22] [%emt 00:01:31]} 5.
O-O {[%clk 01:40:42] [%emt 00:00:43]} d6 {[%clk 01:39:19] [%emt 00:01:33]} 6. c3
{[%clk 01:41:00] [%emt 00:00:12]} O-O {[%clk 01:36:46] [%emt 00:03:01]} 7. Re1
{[%clk 01:40:16] [%emt 00:01:15]} Bb6 {[%clk 01:36:48] [%emt 00:00:29]} 8. Nbd2
{[%clk 01:38:46] [%emt 00:02:00]} Ne7 {[%clk 01:34:15] [%emt 00:03:01]} 9. Nf1
{[%clk 01:39:04] [%emt 00:00:13]} Ng6 {[%clk 01:34:13] [%emt 00:00:32]} 10. Ng3
{[%clk 01:38:48] [%emt 00:00:47]} c6 {[%clk 01:34:21] [%emt 00:00:20]} 11. Bb3
{[%clk 01:38:58] [%emt 00:00:21]} h6 {[%clk 01:29:47] [%emt 00:05:03]} 12. h3
{[%clk 01:37:12] [%emt 00:02:17]} d5 {[%clk 01:29:23] [%emt 00:00:54]} 13. exd5
{[%clk 01:33:24] [%emt 00:04:20]} Nxd5 {[%clk 01:29:35] [%emt 00:00:17]} 14. d4
{[%clk 01:33:00] [%emt 00:00:54]} exd4 {[%clk 01:28:58] [%emt 00:01:06]} 15.
Nxd4 {[%clk 01:33:25] [%emt 00:00:06]} Be6 {[%clk 01:28:25] [%emt 00:01:03]} 16.
Bc2 {[%clk 01:29:07] [%emt 00:04:48]} Bxd4 {[%clk 01:23:48] [%emt 00:05:06]} 17.
Qxd4 {[%clk 01:26:04] [%emt 00:03:34]} Ndf4 {[%clk 01:22:39] [%emt 00:01:39]}
18. Re4 {[%clk 01:25:23] [%emt 00:01:11]} Nxg2 {[%clk 01:12:33] [%emt 00:10:36]}
19. Qxd8 {[%clk 01:14:54] [%emt 00:10:59]} Raxd8 {[%clk 01:11:50] [%emt
00:01:13]} 20. Rxe6 {[%clk 01:14:28] [%emt 00:00:56]} fxe6 {[%clk 01:11:54]
[%emt 00:00:25]} 21. Kxg2 {[%clk 01:14:55] [%emt 00:00:04]} Nh4+ {[%clk
01:07:46] [%emt 00:04:37]} 22. Kf1 {[%clk 01:14:46] [%emt 00:00:40]} Nf3 {[%clk
01:07:51] [%emt 00:00:24]} 23. Ne4 {[%clk 01:08:52] [%emt 00:06:23]} Rd5 {[%clk
01:01:27] [%emt 00:06:55]} 24. Be3 {[%clk 01:08:11] [%emt 00:01:12]} b6 {[%clk
01:01:44] [%emt 00:00:11]} 25. Ke2 {[%clk 01:02:40] [%emt 00:06:03]} Rh5 {[%clk
00:58:18] [%emt 00:03:55]} 26. Bb3 {[%clk 00:55:19] [%emt 00:07:52]} Re5 {[%clk
00:57:08] [%emt 00:01:39]} 27. Nd2 {[%clk 00:55:11] [%emt 00:00:39]} Ng5 {[%clk
00:56:37] [%emt 00:00:59]} 28. Rh1 {[%clk 00:54:38] [%emt 00:01:04]} Kh8 {[%clk
00:53:05] [%emt 00:04:02]} 29. h4 {[%clk 00:53:18] [%emt 00:01:51]} Ne4 {[%clk
00:50:06] [%emt 00:03:28]} 30. Nxe4 {[%clk 00:50:04] [%emt 00:03:45]} Rxe4
{[%clk 00:50:25] [%emt 00:00:11]} 31. h5 {[%clk 00:49:10] [%emt 00:01:22]} 1-0

[Site "Europe Echecs"]

[Event "Grand Swiss "]
[Date "2025.09.15"]
[White "Sargissian, Gabriel"]
[Black "Muradli, Mahammad"]
[WhiteElo "2626"]
[BlackElo "2590"]
[Round "11.11.50"]
[Result "1-0"]

1. d4 {[%clk 01:40:57] [%emt 00:00:02]} Nf6 {[%clk 01:40:14] [%emt 00:00:46]} 2.
c4 {[%clk 01:41:20] [%emt 00:00:07]} e6 {[%clk 01:40:41] [%emt 00:00:03]} 3. Nf3
{[%clk 01:41:29] [%emt 00:00:21]} d5 {[%clk 01:41:05] [%emt 00:00:06]} 4. g3
{[%clk 01:41:53] [%emt 00:00:06]} Bb4+ {[%clk 01:41:28] [%emt 00:00:07]} 5. Bd2
{[%clk 01:42:13] [%emt 00:00:09]} Be7 {[%clk 01:40:04] [%emt 00:01:55]} 6. Bg2
{[%clk 01:42:36] [%emt 00:00:06]} Nbd7 {[%clk 01:40:18] [%emt 00:00:16]} 7. O-O
{[%clk 01:42:53] [%emt 00:00:13]} c6 {[%clk 01:40:37] [%emt 00:00:12]} 8. b3
{[%clk 01:42:32] [%emt 00:00:50]} b6 {[%clk 01:34:00] [%emt 00:07:07]} 9. Nc3
{[%clk 01:42:35] [%emt 00:00:26]} Ba6 {[%clk 01:25:22] [%emt 00:09:09]} 10. e4
{[%clk 01:42:49] [%emt 00:00:16]} dxc4 {[%clk 01:09:10] [%emt 00:16:42]} 11. Qe2
{[%clk 01:42:51] [%emt 00:00:27]} b5 {[%clk 01:09:23] [%emt 00:00:18]} 12. bxc4
{[%clk 01:43:14] [%emt 00:00:08]} bxc4 {[%clk 01:09:00] [%emt 00:00:53]} 13. d5
{[%clk 01:43:36] [%emt 00:00:07]} cxd5 {[%clk 00:56:05] [%emt 00:13:25]} 14.
exd5 {[%clk 01:43:59] [%emt 00:00:08]} e5 {[%clk 00:56:17] [%emt 00:00:16]} 15.
Nxe5 {[%clk 01:35:03] [%emt 00:09:27]} Nxe5 {[%clk 00:56:44] [%emt 00:00:04]}
16. Qxe5 {[%clk 01:30:12] [%emt 00:05:20]} O-O {[%clk 00:57:07] [%emt 00:00:07]}
17. Qd4 {[%clk 01:30:09] [%emt 00:00:32]} Bd6 {[%clk 00:53:17] [%emt 00:04:20]}
18. Bf4 {[%clk 01:23:48] [%emt 00:06:51]} Qc7 {[%clk 00:45:59] [%emt 00:07:49]}
19. Bxd6 {[%clk 01:23:48] [%emt 00:00:30]} Qxd6 {[%clk 00:46:27] [%emt
00:00:02]} 20. Rfe1 {[%clk 01:23:29] [%emt 00:00:49]} Rfc8 {[%clk 00:38:28]
[%emt 00:08:29]} 21. Rad1 {[%clk 01:21:48] [%emt 00:02:11]} Rc7 {[%clk 00:33:30]
[%emt 00:05:29]} 22. g4 {[%clk 01:17:55] [%emt 00:04:22]} h6 {[%clk 00:27:32]
[%emt 00:06:28]} 23. h4 {[%clk 01:16:32] [%emt 00:01:52]} Rd8 {[%clk 00:26:49]
[%emt 00:01:14]} 24. g5 {[%clk 01:14:00] [%emt 00:03:02]} hxg5 {[%clk 00:25:27]
[%emt 00:01:53]} 25. hxg5 {[%clk 01:13:50] [%emt 00:00:39]} Nd7 {[%clk 00:21:48]
[%emt 00:04:09]} 26. Ne4 {[%clk 01:12:48] [%emt 00:01:32]} Qb6 {[%clk 00:22:16]
[%emt 00:00:03]} 27. d6 {[%clk 01:11:11] [%emt 00:02:06]} Qxd4 {[%clk 00:20:51]
[%emt 00:01:56]} 28. Rxd4 {[%clk 01:06:36] [%emt 00:05:04]} Rcc8 {[%clk
00:21:19] [%emt 00:00:01]} 29. Nc3 {[%clk 01:06:03] [%emt 00:01:03]} Rc5 {[%clk
00:15:39] [%emt 00:06:10]} 30. f4 {[%clk 00:51:07] [%emt 00:15:26]} Nf8 {[%clk
00:12:03] [%emt 00:04:07]} 31. Bd5 {[%clk 00:34:25] [%emt 00:17:12]} Ne6 {[%clk
00:07:59] [%emt 00:04:34]} 32. Bxe6 {[%clk 00:28:21] [%emt 00:06:33]} fxe6
{[%clk 00:08:28] [%emt 00:00:02]} 33. Rxe6 {[%clk 00:28:29] [%emt 00:00:22]} Kf8
{[%clk 00:05:02] [%emt 00:03:56]} 34. Re5 {[%clk 00:20:28] [%emt 00:08:30]} Rxe5
{[%clk 00:01:01] [%emt 00:04:32]} 35. fxe5 {[%clk 00:20:36] [%emt 00:00:22]} Kf7
{[%clk 00:01:30]} 36. Rd5 {[%clk 00:20:18] [%emt 00:00:49]} Ke6 {[%clk 00:01:23]
[%emt 00:00:38]} 37. Kf2 {[%clk 00:13:56] [%emt 00:06:49]} Bc8 {[%clk 00:00:36]
[%emt 00:01:19]} 38. Rc5 {[%clk 00:13:55] [%emt 00:00:31]} Bd7 {[%clk 00:00:46]
[%emt 00:00:20]} 39. Ne2 {[%clk 00:12:56] [%emt 00:01:28]} 1-0

[Site "Europe Echecs"]

[Event "Grand Swiss "]
[Date "2025.09.15"]
[White "Daneshvar, Bardiya"]
[Black "Santos Latasa, Jaime"]
[WhiteElo "2598"]
[BlackElo "2620"]
[Round "11.11.51"]
[Result "1-0"]

1. c4 {[%clk 01:40:57] [%emt 00:00:03]} c5 {[%clk 01:40:54] [%emt 00:00:07]} 2.
Nf3 {[%clk 01:41:24] [%emt 00:00:03]} Nf6 {[%clk 01:41:19] [%emt 00:00:05]} 3.
Nc3 {[%clk 01:41:51] [%emt 00:00:03]} Nc6 {[%clk 01:41:44] [%emt 00:00:06]} 4.
g3 {[%clk 01:42:18] [%emt 00:00:02]} d5 {[%clk 01:42:04] [%emt 00:00:10]} 5.
cxd5 {[%clk 01:42:43] [%emt 00:00:06]} Nxd5 {[%clk 01:42:30] [%emt 00:00:04]} 6.
Bg2 {[%clk 01:43:05] [%emt 00:00:07]} Nxc3 {[%clk 01:42:48] [%emt 00:00:12]} 7.
bxc3 {[%clk 01:43:32] [%emt 00:00:03]} e5 {[%clk 01:43:11] [%emt 00:00:07]} 8.
d3 {[%clk 01:43:57] [%emt 00:00:05]} Be7 {[%clk 01:43:33] [%emt 00:00:08]} 9.
O-O {[%clk 01:44:23] [%emt 00:00:04]} O-O {[%clk 01:43:52] [%emt 00:00:10]} 10.
Nd2 {[%clk 01:44:51] [%emt 00:00:02]} Be6 {[%clk 01:42:34] [%emt 00:01:49]} 11.
Bxc6 {[%clk 01:44:43] [%emt 00:00:37]} bxc6 {[%clk 01:42:36] [%emt 00:00:29]}
12. Qa4 {[%clk 01:45:11] [%emt 00:00:02]} Bh3 {[%clk 01:31:09] [%emt 00:11:57]}
13. Re1 {[%clk 01:31:14] [%emt 00:14:27]} Qd5 {[%clk 01:30:28] [%emt 00:01:11]}
14. Qe4 {[%clk 01:17:22] [%emt 00:14:22]} f5 {[%clk 01:26:07] [%emt 00:04:51]}
15. Qxd5+ {[%clk 01:15:52] [%emt 00:02:00]} cxd5 {[%clk 01:25:09] [%emt
00:01:27]} 16. Ba3 {[%clk 01:15:11] [%emt 00:01:11]} Kf7 {[%clk 01:22:49] [%emt
00:02:51]} 17. c4 {[%clk 00:58:57] [%emt 00:16:45]} d4 {[%clk 01:18:17] [%emt
00:05:02]} 18. Nb3 {[%clk 00:46:14] [%emt 00:13:12]} Rfc8 {[%clk 01:14:57] [%emt
00:03:50]} 19. e3 {[%clk 00:46:02] [%emt 00:00:42]} Rc7 {[%clk 01:12:57] [%emt
00:02:30]} 20. f4 {[%clk 00:36:03] [%emt 00:10:30]} exf4 {[%clk 01:02:16] [%emt
00:11:10]} 21. exf4 {[%clk 00:36:20] [%emt 00:00:13]} g5 {[%clk 01:01:24] [%emt
00:01:22]} 22. fxg5 {[%clk 00:33:18] [%emt 00:03:33]} Bxg5 {[%clk 01:00:57]
[%emt 00:00:57]} 23. Bc1 {[%clk 00:29:08] [%emt 00:04:39]} Bf6 {[%clk 01:00:51]
[%emt 00:00:36]} 24. Bf4 {[%clk 00:28:40] [%emt 00:00:59]} Rc6 {[%clk 00:59:40]
[%emt 00:01:39]} 25. Kf2 {[%clk 00:25:22] [%emt 00:03:48]} h5 {[%clk 00:58:34]
[%emt 00:01:37]} 26. Rab1 {[%clk 00:21:38] [%emt 00:04:14]} Rac8 {[%clk
00:55:26] [%emt 00:03:38]} 27. Nd2 {[%clk 00:17:39] [%emt 00:04:29]} Rb6 {[%clk
00:54:51] [%emt 00:01:05]} 28. a4 {[%clk 00:16:01] [%emt 00:02:09]} Re8 {[%clk
00:45:32] [%emt 00:09:48]} 29. Rb5 {[%clk 00:14:21] [%emt 00:02:10]} Rxe1 {[%clk
00:34:00] [%emt 00:12:02]} 30. Kxe1 {[%clk 00:14:49] [%emt 00:00:03]} Ra6 {[%clk
00:33:31] [%emt 00:00:59]} 31. a5 {[%clk 00:12:37] [%emt 00:02:43]} Be7 {[%clk
00:31:07] [%emt 00:02:53]} 32. Kf2 {[%clk 00:08:10] [%emt 00:04:57]} Bg4 {[%clk
00:31:09] [%emt 00:00:28]} 33. h4 {[%clk 00:07:14] [%emt 00:01:26]} Re6 {[%clk
00:24:07] [%emt 00:07:32]} 34. Nf3 {[%clk 00:07:34] [%emt 00:00:10]} Bxf3 {[%clk
00:23:48] [%emt 00:00:49]} 35. Kxf3 {[%clk 00:08:01] [%emt 00:00:03]} a6 {[%clk
00:24:10] [%emt 00:00:08]} 36. Rb7 {[%clk 00:06:07] [%emt 00:02:24]} Kg6 {[%clk
00:23:08] [%emt 00:01:32]} 37. Rb8 {[%clk 00:06:31] [%emt 00:00:07]} Kg7 {[%clk
00:22:44] [%emt 00:00:53]} 38. Rc8 {[%clk 00:04:29] [%emt 00:02:31]} Bf8 {[%clk
00:22:14] [%emt 00:01:01]} 39. Bg5 {[%clk 00:04:21] [%emt 00:00:38]} Kf7 {[%clk
00:21:38] [%emt 00:01:06]} 40. Rc7+ {[%clk 00:03:09] [%emt 00:01:42]} Kg6 {[%clk
00:21:33] [%emt 00:00:34]} 41. Rc8 {[%clk 00:46:08] [%emt 00:07:32]} Kg7 {[%clk
01:08:51] [%emt 00:03:12]} 42. Ra8 {[%clk 00:43:55] [%emt 00:02:42]} Rc6 {[%clk
01:05:40] [%emt 00:03:42]} 43. Kf4 {[%clk 00:41:37] [%emt 00:02:48]} Bd6+ {[%clk
01:05:03] [%emt 00:01:06]} 44. Kxf5 {[%clk 00:41:34] [%emt 00:00:33]} Bxg3
{[%clk 01:05:27] [%emt 00:00:06]} 45. Ra7+ {[%clk 00:39:01] [%emt 00:03:03]} Kf8
{[%clk 01:05:30] [%emt 00:00:27]} 46. Rh7 {[%clk 00:34:01] [%emt 00:05:29]} Be1
{[%clk 01:03:21] [%emt 00:02:38]} 47. Bf6 {[%clk 00:34:07] [%emt 00:00:26]} Bxa5
{[%clk 01:02:10] [%emt 00:01:42]} 48. Rxh5 {[%clk 00:34:14] [%emt 00:00:22]} Bd2
{[%clk 01:02:10] [%emt 00:00:30]} 49. Kg6 {[%clk 00:26:27] [%emt 00:08:16]} Ke8
{[%clk 01:02:16] [%emt 00:00:24]} 50. Rh8+ {[%clk 00:25:57] [%emt 00:01:00]} Kd7
{[%clk 01:02:40] [%emt 00:00:06]} 51. h5 {[%clk 00:26:25] [%emt 00:00:02]} Re6
{[%clk 01:01:52] [%emt 00:01:18]} 52. h6 {[%clk 00:25:27] [%emt 00:01:29]} Bxh6
{[%clk 01:01:52] [%emt 00:00:29]} 53. Rxh6 {[%clk 00:25:55] [%emt 00:00:02]} Re3
{[%clk 01:02:15] [%emt 00:00:07]} 54. Kf5 {[%clk 00:23:10] [%emt 00:03:14]} a5
{[%clk 00:59:08] [%emt 00:03:38]} 55. Be5 {[%clk 00:22:46] [%emt 00:00:54]} a4
{[%clk 00:58:15] [%emt 00:01:23]} 56. Rd6+ {[%clk 00:19:40] [%emt 00:03:36]} Ke7
{[%clk 00:58:33] [%emt 00:00:12]} 57. Ra6 {[%clk 00:20:04] [%emt 00:00:06]} Rxd3
{[%clk 00:58:41] [%emt 00:00:21]} 58. Ra7+ {[%clk 00:19:25] [%emt 00:01:10]} Kd8
{[%clk 00:59:05] [%emt 00:00:06]} 59. Ke6 {[%clk 00:19:10] [%emt 00:00:45]} Kc8
{[%clk 00:59:30] [%emt 00:00:05]} 60. Rxa4 {[%clk 00:17:50] [%emt 00:01:50]} Rf3
{[%clk 00:57:00] [%emt 00:03:00]} 61. Kd5 {[%clk 00:17:32] [%emt 00:00:48]} Rf5
{[%clk 00:57:06] [%emt 00:00:24]} 62. Kc6 {[%clk 00:17:13] [%emt 00:00:49]} Kd8
{[%clk 00:57:28] [%emt 00:00:07]} 63. Bd6 {[%clk 00:17:21] [%emt 00:00:22]} Ke8
{[%clk 00:57:53] [%emt 00:00:05]} 64. Ra8+ {[%clk 00:17:34] [%emt 00:00:17]} Kf7
{[%clk 00:58:16] [%emt 00:00:06]} 65. Bxc5 {[%clk 00:17:52] [%emt 00:00:13]} d3
{[%clk 00:58:34] [%emt 00:00:12]} 66. Rd8 {[%clk 00:18:17] [%emt 00:00:05]} 1-0

[Site "Europe Echecs"]